GENETYKA - Statystyki

Ogólne statystyki
  • Ten quiz został rozwiązany 18 razy
  • Średni wynik to 20 z 160
Statystyki odpowiedzi
Hint Odpowiedź % Poprawnych
zduplikowanie DNA nazwa replikacja
85%
peptydo tRNA P
69%
wolne tRNA odłącza sięod rybosomu E
46%
1. rozplata łańcuchyDNA jednokierunkowo helikaza
46%
4. łączy fragmenty niciopóźnionej (Okazaki) ligaza
46%
proces, w którym informacja genetyczna zawarta w DNA
zostaje przepisana na mRNA
transkrypcja
46%
synteza białka na podstawiemRNA translacja
46%
2. tak jak replikacja | dalsze rozplatanie DNAi kopiowanie łańcuchów elongacja
38%
krótkie odcinki DNA syntetyzowane na nici opóźnionej podczas replikacji DNA fragmenty Okazaki
38%
1. przyłączenie poli-merazy RNA do promotora | powstaje oczko replikacyjne i rozplecenie DNA inicjacja
38%
3. przyłącza kolejne nukleotydy do istniejącej już nici polimeraza DNA
38%
najwyższy stopień kondensacji chromatyny chromosom
31%
kompletna inf. gen. organizmu genom
31%
2. syntetyzuje startery prymaza
31%
6. odbudowuje telomeryw odwrotnej transkryp- tazie telomeraza
31%
3. odlaczenie polimerazyDNA | odłączenie aparatureplikacyjnego | rybosom trafia na kodonSTOP, wtedy odłączanie łańcuchów polipeptydowych terminacja
31%
ile par chromosomówhomologicznych ma człowiek 23
23%
na jakiej części dużejpodjednostki rybosomalnej się przyłącza A
23%
MUTACJE GENOWE | RODZAJE SUBSTY-TUCJI: | rodzaje delecji a
23%
wymiana chromatynymiędzy chromosomami crossing over
23%
odczytanie informacji genu i jej przepisanie ekspresja
23%
-II- u eukariontów jądro komórkowe
23%
produkty transkrypcji premRNA
23%
składanie eksonów i usuwanie intronów splicing
23%
21 para zespół Downa
23%
adenina
15%
powstaje hemoglobina Hbs anemia sierpowata
15%
nie występują międzykodonami nieodczytywane nukleotydy bezprzecinkowy
15%
miejsce w środku chromosomu centromer
15%
DNA związane z białkami chromatyna
15%
jeden chromosom inaktywowany u kobiet ciałko Barra
15%
cytozyna
15%
2. usunięcie | skrócenie delecja
15%
sekwenceje kodujace eksony
15%
luźna i aktywna gene-tycznie forma chromatyny euchromatyna
15%
obserwowane cechy fenotyp
15%
zespół wszystkich genów genotyp
15%
guanina
15%
nieaktywna forma chromatyny heterochromatyna
15%
odwrócenie fragmentuchromosomu inwersja
15%
sposób w jaki informacjajest zapisana kod
15%
a jak układ MN (grupy krwi) kodominacja
15%
ale ich kondensacjato cecha czego metafaza
15%
mutacja w genie kanałuchlorkowego, nadmierny śluz w układzie oddechowym (inhalacja, antybiotyki) mukowiscydoza
15%
czy potrzebuje starterów nie
15%
jeśli mamy fenotyppośredni to co to za dominacja niezupełna
15%
obszar cytoplazmygdzie ten leży nukleoid
15%
gdzie są widoczne chro-mosomy profaza
15%
do czego przyłącza siępolimeraza RNA promotor
15%
3', wiąże konkretnyaminokwas kierowany na rybosom ramię akceptorowe
15%
geny leżące na jednymchromosomie są... sprzężone
15%
kasety... TATA
15%
5. usuwa naprężenia z DNA topoizomeraza
15%
trzy kolejne nukleotydytworzą kodon trójkowy
15%
tymina
15%
te same kodony wyzna-czają te same aminokwasy u różnych organizmów uniwersalny
15%
uracyl
15%
wiązania między grupamifosforanowymi wysokoenergetyczne
15%
jeden aminokwas możebyc kodowany przez kilka kodonów zdegenerowany
15%
proces polegający na znoszeniu dodatnich ła- dunków ogonków histo- nowych powodujące roz- luźnienie struktury chromatyny acetylacja ogonkówhistonowych
8%
brak tyrozynazy(SPF, osłona ciała) albinizm
8%
3. insercja analogicznie
8%
zawiera informacje o konkretnym kodonie antykodon
8%
geny które kodują białka działające jako supresory nowotworów antyonkogeny
8%
dotyka ukł. nerwowego choroba Huntingtona
8%
regulacja ekspresji genówto głownie zmiana struk- tury... chromatyny
8%
chromosomalne
8%
miejsce zachodzeniatranskrypcji u bakterii cytozol
8%
przyłączanie do końca 5'czapeczki czapeczkowanie
8%
powielanie genów lub fragmentów chromosomów w obrębie jednego chromosomu duplikacja
8%
jakie wiązanie między ujemnym DNA a dodatnim histonem elektrostatyczne
8%
*gdzie rozmnaża się zarodziec malarii erytrocyty
8%
brak hydroksylazy (dieta niska w fenyloalaninę) fenyloketonuria
8%
galaktoza nie jestprzekształcana w glukozę galaktozemia
8%
w komórkach linii płciowej generatywna
8%
chromosom bakteryjny genofor
8%
skąd jest energia na elongację translacji GTP
8%
3. jednogenowe sprzężonez płcią recesywne hemofilia
8%
CHOROBY GENETYCZNE jednogenowe
8%
jeden kodon kodujejeden aminokwas jednoznaczny
8%
liczbowe
8%
MELAS
8%
mostki disiarczkowe
8%
jeden nukleotyd wchodziw skład jednego kodonu niezachodzący
8%
zamiana aminokwasuw kodon STOP (UAU w UAG) nonsensowna
8%
7. przecina wiazania fosfodiestrowe w kwa- sach nukleinowych i usuwa startery nukleaza
8%
obecność intronów
8%
rekombinanci (Ab) / całepotomstwo x 100 odległość międzygenami
8%
* ogon poli A
8%
związek 1-pierścieniowy pirmidyna
8%
prerRNA
8%
pretRNA
8%
geny które kodują białka które biorą udział w regulacji wzrostu, podziału i różnicowania komórek protoonkogeny
8%
usunięcie jednej zasadyazotowej przesunięcie ramkiodczytu
8%
przyczyna
8%
związek 2-pierścieniowy puryna
8%
zamiana jednej zasady azotowej tak, że zmienia się kodowany aminokwas (CUC Leu w CGC Arg) sensu
8%
*lub jeśli ma być transportowane SSS
8%
5. chromosomalne | MUTACJE CHROMOSO-MOWE strukturalne
8%
1. wymiana substytucja
8%
choroby związane z dysfunkcją płci syndrom de laChapelle
8%
przeniesienie fragmentu chromosomu na inny chromosom translokacja
8%
wymiana puryny w pirmidynę transwersja
8%
wymiana puryny na purynęlub pirmidyny w pirmidynę tranzycja
8%
gdy białko jest niepoprawniezwinięte, ulega degradacji ubikwydynacja
8%
może byc spowodowana... wirusy
8%
zakres
8%
małogłowie, nisko osadzoneuszy, płacz koci, delecja ramienia chr5 zespół kociego krzyku
8%
13 para zespół Patau
8%
acetylacja histonów
0%
nieprawidłowe kostnieniechrząstek, niskorosłość achondroplazja
0%
brak oksydazy, niebieskimocz, bóle stawów (dieta z witaminą C) alkaptonuria
0%
nazwa na samowycinaniesię intronów alternatywne składanie
0%
eksony tworzące transskryptmogą być w różnej kolej- ności być włączone w końcowe DNA alternatywne składanie DNA
0%
cząsteczka tRNA połączona z odpowiednim aminokwasem aminoacylotRNA
0%
na rybosomie kodon mRNAparowanie... antykodon kodon
0%
transkrypcja i translacjau bakterii zachodzi jedno- cześnie atenuacja
0%
co kodują białko supresorowe
0%
1. jednogenowe autosomalne recesywne choroby blokumetabolicznego
0%
liczba / struktura chromosomów chromosomowa
0%
daltonizm
0%
przyczyna, że wielkośćgenomu definiuje złożoność organizmu dużo elementówrepetytywnych
0%
dystrofia mięśniowaDuschenna
0%
co wchodzi w obrobke posttranslacyjną fałdowanie białka
0%
na poziomie genu genowa
0%
glikozylacja
0%
z -II- indukowana
0%
głównie na etapie... inicjacji transkrypcji
0%
kolchicyna
0%
4. jednogenowe sprzężonez płcią dominujące krzywica oporna na witaminę D
0%
czemu poddawane są te RNA obróbka postranskrypcyjna
0%
p53
0%
dołączenie do końca 3'łańcuchy nukleotydów poliadenujących poliadenylacja
0%
to proces w którym organizm posiada dodatkowe zestawy chromosomów poliploidyzacja
0%
translokacja między 9 a 22, chromosom Philadelphia przewlekła białaczkaszpikowa
0%
PODZIAŁ MUTACJI rodzaj komórek
0%
na co ma wpływ rozpoznanie przezrybosom
0%
przed czym ona chroni rybonukleazy
0%
miejsca zachodzeniatranslacji rybosom w cytoplazmie
0%
w komórkach somatycznych(nie może być przekazana) somatyczna
0%
bez przyczyny spontaniczna
0%
syndrom Swyera
0%
-II-, aminokwas się niezmienia (CUC w CUG) synonimiczna
0%
transport do cytoplazmy
0%
usunięcie trójki usunięcie trójki
0%
wieloczynnikowe
0%
18 para zespół Edwardsa
0%
babochłopy (testosteron) zespół Klinfeltera XXY
0%
6. mitochondrialne (pozajądrowe) zespół Lebera
0%
zespół niewrażliwościna androgeny
0%
(hormon wzrostu i terapiaestrogenowa) zespół Tumera X
0%
Nie znaleziono quizów pasujących do podanych kryteriów
Rozkład punktacji
Procent ludzi z każdym wynikiem
Percentyl według liczby udzielonych odpowiedzi
Twoja historia wyników
Nie rozwiązałeś tego quizu